000 00774nam a22002057a 4500
003 JO-AjAnu
005 20231129125456.0
008 231129b jo ||||| |||| 00| 0 ara d
020 _a9789957353384
040 _aJO-AjAnu
_bARA
_cJO-AjAnu
_dJO-AjAnu
041 0 _aARA
_hARA
050 _aHB9
100 1 _aبكدي، فاطمة
_964553
_eمؤلف
245 0 _aالاقتصاد الاخضر من النظري الى التطبيق = Greeen Economy /
_cفاطمة بكدي
260 _aعمان :
_bمركز الكتاب الاكاديمي،
300 _a270 صفحة
500 _aيحتوي على مراجع باللغتين العربية والانجليزية
650 4 0 _aالاقتصاد-فلسفة
_964554
_vالاقتصاد-فلسفة
942 _2lcc
_cBK
_n0
999 _c33200
_d33200